Maisie Peters - Love Him I Don’t - Statistics

General Stats
  • This quiz has been taken 62 times
  • The average score is 292 of 349
Answer Stats
Answer % Correct
don’t
100%
Don’t
100%
him,
100%
him
100%
I
100%
Love
100%
love
100%
a
94%
So
94%
so
94%
when
94%
It
92%
it
92%
we
92%
you
92%
you,
92%
But
89%
but
89%
did
89%
for
89%
just
89%
What
89%
what
89%
won’t
89%
work
89%
an
86%
and
86%
And
86%
bad
86%
have
86%
it’s
86%
Loving
86%
me
86%
not
86%
up
86%
was
86%
can
83%
in
83%
joke
83%
know
83%
minute
83%
my
83%
Now
83%
snow
83%
that
83%
the
83%
winter
83%
else
81%
Everyone
81%
held
81%
hurts
81%
I’m
81%
roses
81%
went
81%
your
81%
bones
78%
coming
78%
hands
78%
home
78%
I’ve
78%
Kicking
78%
long
78%
of
78%
should’ve
78%
Should’ve
78%
you’re
78%
Better
75%
better
75%
‘cause
75%
cause
75%
didn’t
75%
fair
75%
known,
75%
known
75%
loved
75%
Loved
75%
Oh,
75%
said
75%
Shady
75%
at
72%
Baby,
72%
finished
72%
sad,
72%
sad
72%
swear
72%
to
72%
wanted
72%
could
69%
going
69%
Got
69%
got
69%
really
69%
see
69%
text
69%
waste
69%
breathing
67%
first
67%
good
67%
Guess
67%
learnt
67%
nothing
67%
season
67%
still
67%
that’s
67%
underwater
67%
you’s
67%
20s
64%
concussion
64%
dug
64%
eating
64%
Fell
64%
heels
64%
off
64%
out,
64%
plenty
64%
stubborn
64%
wasn’t
64%
as
61%
Couple
61%
couple
61%
cousin
61%
flooding
61%
lies,
61%
Met
61%
oven
61%
bloodbath
58%
Lighting
58%
through
58%
checkers
56%
cigarettes
56%
favourite
56%
flat
56%
Playing
56%
times
53%
state,
36%
jokes
31%
ya,
14%
No matching quizzes found
Score Distribution
Percent of People with Each Score
Percentile by Number Answered
Your Score History
You have not taken this quiz